Experiências simples de química com materiais disponíveis (Registo nº 606)

Detalhes MARC
000 -Etiqueta do registo
Cabeçalho 00962cam a2200325 4500
005 - Identificador da versão
Campo de controlo 20240813121807.0
095 ## -
-- PTBN01005811
010 ## - Número internacional normalizado dos livros (ISBN)
Número (ISBN) 9722510517
021 ## - Número do Depósito Legal
Código do país PT
Número 121296/98
035 ## - Other System Control Numbers
System Control Number 0000633
System Control Number 0000629
System Control Number 0000629
System Control Number 0000617
100 ## - Dados gerais de processamento
Dados gerais de processamento 19980814d1998 de y0pory5003 ba
102 ## - Pais de publicação ou produção
País de publicação Portugal
101 1# - Língua de publicação
Língua do texto, banda sonora, etc. Português
Língua do documento no original Inglês
106 ## - Campo de dados codificados: material textual
Dados codificados do material textual r
105 ## - Campo de dados codificados: livros
Dados codificados dos livros a z 001yy
215 ## - Descrição física 
Indicação específica da natureza do documento e extensão da espécie 130 p.
Outras indicações físicas il.
Dimensões 21 cm
200 1# - Titulo e menção de responsabilidade
Título próprio Experiências simples de química com materiais disponíveis
Primeira menção de responsabilidade Louis V. Loeschnig
Outras menções de responsabilidade il. por Frances Zweifel
-- trad. de Helena Marujo
210 ## - Publicação, Distribuição, etc. 
Lugar da edição, distribuição, etc. Venda Nova
Nome do editor, distribuidor, etc. Bertrand
Data da publicação, distribuição, etc. 1998
304 ## - Notas relativas a título e menção de responsabilidade 
Texto da nota Tít. orig.: Simple Chemistry experiments with everyday materials
675 ## - Classificação Decimal Universal (CDU)
Notação 54
Edição BN
Língua da edição por
Edição BN
Língua da edição por
702 #1 - Nome de autor-pessoa física (responsabilidade secundária)
Número de registo de entrada de autoridade 0000728
Palavra de ordem Marujo
Outra parte do nome não tomada para palavra de ordem Helena
Datas 1946-
Código de função Tradutor
Número de registo de entrada de autoridade 0000729
Palavra de ordem Zweifel
Outra parte do nome não tomada para palavra de ordem Frances
Código de função Ilustrador / Técnico de desenho computorizado
700 #1 - Nome de autor-pessoa física (responsabilidade principal)
Número de registo de entrada de autoridade 0000731
Palavra de ordem Loeschnig
Outra parte do nome não tomada para palavra de ordem Louis V.
942 ## - Elementos de entrada adicionados (Koha)
Tipo de item no Koha Livro
Exemplares
Situação do levantamento Origin of item (home branch) (coded) Biblioteca de empréstimo Código de barras Circulation type (not for loan) Tipo de documento Nota do exemplar Damaged status
  Biblioteca Escolar Eng. Nuno Mergulhão Biblioteca Escolar Eng. Nuno Mergulhão BENM47   Livro Sem mensagem